Villes ayant acceuilis les Jeux Olympiques - Statistiques

Statistiques générales
  • Ce quiz a été pris 53 fois
  • Le résultat moyen est 34 sur 62
Statistiques - réponses
Type de quiz Olympiade Année Réponse % Correct
IIe 1900 Paris, France
98%
VIIIe 1924 Paris, France
98%
XXXIIIe 2024 Paris, France
98%
IVe 1908 Londres, Royaume-Uni
89%
XVIe 1948 Londres, Royaume-Uni
89%
XXXe 2012 Londres, Royaume-Uni
89%
Xe 1932 Los Angeles, Etats-Unis
89%
XXIIIe 1984 Los Angeles, Etats-Unis
89%
XXXIVe 2028 Los Angeles, Etats-Unis
89%
XVIIIe 1964 Tokyo, Japon
89%
XXXIIe 2020 Tokyo, Japon
89%
Ire 1896 Athènes, Grèce
87%
XXVIIIe 2004 Athènes, Grèce
85%
XIe 1936 Berlin, Allemagne
83%
XXIXe 2008 Pékin, Chine
83%
XXIVe 2022 Pékin, Chine
83%
XVIIe 1960 Rome, Italie
83%
XXIIe 1980 Moscou, Union soviétique
81%
XXVe 1992 Barcelone, Espagne
79%
XXVIIe 2000 Sydney, Australie
77%
Ve 1912 Stockholm, Suède
74%
XIXe 1968 Mexico, Mexique
72%
XVe 1952 Helsinki, Finlande
70%
VIe 1952 Oslo, Norvège
70%
XXXIe 2016 Rio de Janeiro, Brésil
70%
XXe 1972 Munich, Allemagne de l'Ouest
68%
XXIVe 1988 Séoul, Corée du Sud
68%
XXIe 2010 Vancouver, Canada
66%
VIIe 1956 Cortina d'Ampezzo, Italie
64%
IXe 1928 Amsterdam, Pays-Bas
62%
XVIe 1992 Albertville, France
57%
XXIe 1976 Montréal, Canada
57%
XXVIe 1996 Atlanta, Etats-Unis
49%
XVIe 1956 Melbourne, Australie
47%
XXe 2006 Turin, Italie
47%
Ie 1924 Chamonix, France
45%
XXVe 2026 Milan-Cortina, Italie
45%
VIIe 1920 Anvers, Belgique
40%
XXIIe 2014 Sotchi, Russie
38%
Xe 1968 Grenoble, France
36%
XIXe 2002 Salt Lake City, Etats-Unis
36%
XXVIIe 2034 Salt Lake City, Etats-Unis
36%
XIVe 1984 Sarajevo, Yougoslavie
34%
XXXVe 2032 Brisbane, Australie
32%
XXVIe 2030 Alpes françaises, France
30%
XVe 1988 Calgary, Canada
26%
XVIIe 1994 Lillehammer, Norvège
23%
IIIe 1904 Saint Louis, Etats-Unis
23%
IIIe 1932 Lake Placid, Etats-Unis
21%
XIIIe 1980 Lake Placid, Etats-Unis
21%
XVIIIe 1998 Nagano, Japon
21%
XIIe 1976 Innsbruck, Autriche
19%
IIe 1928 Saint-Moritz, Suisse
19%
Ve 1948 Saint-Moritz, Suisse
19%
XIe 1972 Sapporo, Japon
17%
VIe 1916 Jeux attribués à Berlin, Allemagne. Annulés à cause de la Première Guerre mondiale.
13%
XIIIe 1944 Jeux attribués à Londres, Royaume-Uni. Annulés à cause de la Seconde Guerre mondiale.
13%
XIIe 1940 Jeux attribués à Tokyo, Japon. Annulés à cause de la Seconde Guerre mondiale.
13%
XXIIIe 2018 PyeongChang, Corée du Sud
13%
VIIIe 1960 Squaw Valley, Etats-Unis
13%
IVe 1936 Garmisch-Partenkirchen, Allemagne
11%
IXe 1964 Innsbruck, Autriche
6%
Aucun quiz correspondant
Distribution des résultats
% des personnes avec chaque résultat
Percentile par nombre de réponses
Votre historique - résultats
Vous n’avez pas pris ce quiz